000 01050cam a22003257a 4500
003 CHAP
005 20220817043705.0
008 000727d1999 us r 00110 eng d
010 _a81863
011 _a82835
035 _a93340
040 _cCHAP
082 0 4 _a631.523
_bC6
100 0 0 _aCoors, James G.
_eed.
_927863
245 1 0 _aGenetics and exploitation of heterosis in crops
_c/ed. by James G. Coors and Shivaji Pandey
260 _aMadison, Wisconsin :
_bAmerican Society of Agronomy,
_c1999.
300 _a524 p.
590 _aBATCH-UPD
_b10
_c20130110
_lUCH01
_h0459
590 _aBATCH-UPD
_b10
_c20130110
_lUCH01
_h2337
590 _aBATCH-UPD
_b10
_c20130410
_lUCH01
_h0137
590 _aBATCH-UPD
_b10
_c20130914
_lUCH01
_h1047
590 _aCONVERSION
_b10
_c20130109
_lUCH01
_h1345
650 1 4 _aGenética vegetal.
650 1 4 _aHeterosis.
_955071
700 0 _aPandey, Shivaji
_eed.
_985069
901 _aBK
905 _aLilia Sánchez G.
942 _cLIBRO
949 _a631.523 C6
_bBC
_cLIBRO
_d33724000785168
_eLIBRO
_h98287
_i93340
_si
999 _c81863
_d81863